Universidad Nacional y pediatría Colombiana apuntes históricos (Registro nro. 81985)

Detalles MARC
000 -ENCABEZADO
Número de control [NR] 01024nam a22002897a 4500
005 - FECHA Y HORA DE LA ÚLTIMA TRANSACCIÓN
control field 20180405183910.0
008 - DE LONGITUD FIJA DE DATOS DE ELEMENTOS - INFORMACIÓN GENERAL
Elementos de longitud fija [NR] 130821s1994 ck ao gr spa
040 ## - FUENTE DE CATALOGACION [NR]
Agencia de catalogación original [NR] Co-BoUCM
Idioma de catalogación [NR] spa
Quien Cataloga Luz Cupitra (modificó)
Quien Clasifica Luz Cupitra (modificó)
041 00 - CODIGO DE IDIOMA [R]
Código de idioma para texto/pista de sonido o título separado [R] Español
060 00 - SIGNATURA TOPOGRAFICA DE LA BIBLIOTECA NACIONAL DE MEDICINA (NLM) [R]
Número clasificador [R] WZ 80
Número de ítem [NR] V292v
092 ## - SIGNATURA TOPOGRAFICA LOCAL
Número de clasificación local FMR 0255
100 1# - ASIENTO PRINCIPAL--NOMBRE PERSONAL [NR]
Nombre personal [NR] Vargas-Rubiano, Alfonso
ID Autoridad 74796
245 10 - MENCION DE TITULO [NR]
Título [NR] Universidad Nacional y pediatría Colombiana apuntes históricos
Mención de responsabilidad, etc. [NR] Alfonso Vargas-Rubiano
260 ## - PUBLICACION, DISTRIBUCION, ETC. (PIE DE IMPRENTA) [R]
Lugar de publicación, distribución, etc. [R] Bogotá (Colombia)
Nombre del editor, distribuidor, etc. [R] Nestlé de Colombia
Fecha de publicación, distribución, etc. [R] 1994
300 ## - DESCRIPCION FISICA [R]
Extensión [R] 276 páginas
Otros detalles físicos [NR] fotografías
610 #7 - ASIENTO SECUNDARIO DE MATERIA - NOMBRE CORPORATIVO [R]
Nombre corporativo o nombre de la jurisdicción como elemento de entrada [NR] Universidad Nacional
9 (RLIN) 3818
610 #7 - ASIENTO SECUNDARIO DE MATERIA - NOMBRE CORPORATIVO [R]
Nombre corporativo o nombre de la jurisdicción como elemento de entrada [NR] Universidad Nacional
Subdivisión general [R] Medicina
-- Historia
9 (RLIN) 3818
650 04 - ASIENTO SECUNDARIO DE MATERIA - TERMINO TEMATICO [R]
Término temático o nombre geográfico como elemento de entrada [NR] Educación superior
9 (RLIN) 13875
650 04 - ASIENTO SECUNDARIO DE MATERIA - TERMINO TEMATICO [R]
Término temático o nombre geográfico como elemento de entrada [NR] Historia
9 (RLIN) 7695
650 04 - ASIENTO SECUNDARIO DE MATERIA - TERMINO TEMATICO [R]
Término temático o nombre geográfico como elemento de entrada [NR] Medicina
9 (RLIN) 7820
650 04 - ASIENTO SECUNDARIO DE MATERIA - TERMINO TEMATICO [R]
Término temático o nombre geográfico como elemento de entrada [NR] Medicina
Subdivisión general [R] Historia
9 (RLIN) 225
650 04 - ASIENTO SECUNDARIO DE MATERIA - TERMINO TEMATICO [R]
Término temático o nombre geográfico como elemento de entrada [NR] Pediatría
9 (RLIN) 21221
650 04 - ASIENTO SECUNDARIO DE MATERIA - TERMINO TEMATICO [R]
Término temático o nombre geográfico como elemento de entrada [NR] Pediatría
Subdivisión geográfica [R] Colombia
9 (RLIN) 21225
650 04 - ASIENTO SECUNDARIO DE MATERIA - TERMINO TEMATICO [R]
Término temático o nombre geográfico como elemento de entrada [NR] Pediatría
Subdivisión geográfica [R] Colombia
Subdivisión general [R] Historia
9 (RLIN) 74797
710 2# - ASIENTO SECUNDARIO - NOMBRE CORPORATIVO [R]
Nombre corporativo o de jurisdicción como elemento de entrada [NR] Nestlé de Colombia
9 (RLIN) 3664
942 ## - ELEMENTOS DE ENTRADA AGREGADOS (KOHA)
Tipo de ítem principal el descrito en 300a Libro
Tema principal Medicina
Edición 1
Sistema de clasificación NLM
Clasificación WZ
Parte restante de la signatura top. 80
Título oculto en OPAC No
Existencias
Fecha de último préstamo Total préstamos Total Renewals Signatura topográfica Código de barras Última vez visto Ejemplar Price effective from Tipo de ítem Nota pública (OPAC) Perdido Sistema de clasificación Dañado No prestable Tipo de ítem específico Suprimido Ubicación habitual Ubicación actual Localización Fecha de creación Forma de adquisición Costo
12/12/2018 3 6 FMR 0255 100107381 12/12/2025 Ej.3 03/02/2013 Libro Spot Historia de la Medicina   LOCAL     Libro   Quinta de Mutis Quinta de Mutis 3er piso 28/02/2010 Donación 26000.00
      WZ 80 V292v 200005203 12/12/2025 Ej.1 03/02/2013 Libro Spot Historia de la Medicina   NLM     Libro   Quinta de Mutis Quinta de Mutis 3er piso 28/02/2003 Donación 5000.00
09/02/2016 1   WZ 80 V292v 200005204 12/12/2025 Ej.2 03/02/2013 Libro Spot Historia de la Medicina   NLM     Libro   Quinta de Mutis Quinta de Mutis 3er piso 28/02/2003 Donación 5000.00